000 00344nam a2200145Ia 4500
008 230917s9999||||xx |||||||||||||| ||und||
040 _e19709
_aMAIN
041 _aEnglish
082 _a330 A23E
100 _aAnderson, W H
245 0 _aEconomics
260 _aEnglewood cliffs
_bPrentice-Hall
_c1983
300 _axxvii, 872 p.
942 _cBK
999 _c40819
_d40819